Programa de Mejoramiento de los Procesos de Enseñanza y Aprendizaje /
Guardat en:
| Autor principal: | |
|---|---|
| Format: | Llibre |
| Idioma: | Spanish |
| Publicat: |
San José, Costa Rica :
INIE,
2005
|
| Matèries: | |
| Etiquetes: |
Afegir etiqueta
Sense etiquetes, Sigues el primer a etiquetar aquest registre!
|
MARC
| LEADER | 00000nam a2200000Ia 4500 | ||
|---|---|---|---|
| 008 | 180911b2005 cr ||||| |||| 00| | spa d | ||
| 999 | |c 2357 |d 2357 | ||
| 090 | |a 19.02.08 |b 1086 | ||
| 100 | |a Cubero Venegas, Carmen María |9 708 | ||
| 245 | 1 | 0 | |a Programa de Mejoramiento de los Procesos de Enseñanza y Aprendizaje / |c Carmen Cubero Venegas |
| 260 | |a San José, Costa Rica : |b INIE, |c 2005 | ||
| 300 | |a 185 páginas | ||
| 500 | |a Incluye el informe Bienio abril 2005 - 2007 | ||
| 650 | 1 | 4 | |a INFORMES SOBRE PROYECTOS |9 3986 |
| 650 | 1 | 4 | |a PROCESO DE APRENDIZAJE |9 1523 |
| 942 | |i 001791 ,003487 |h 19.02.08 1086 |2 z |c 04 | ||
| 942 | |i 001791 ,003487 |h 19.02.08 1086 |2 z | ||
